Najlepsze reprezentacje które nie zagrały w Mundialu - Statystyki

Ogólne statystyki
  • Ten quiz został rozwiązany 247 razy
    246 od ostatniego zresetowania
  • Średni wynik to 9 z 20
Statystyki odpowiedzi
Kontynent
Ranking FIFY
Reprezentacja % Poprawnych
Ameryka Południowa 37 Wenezuela
92%
Europa/Azja 70 Gruzja
67%
Europa 66 Albania
62%
Europa 73 Czarnogóra
56%
Europa 72 Macedonia Północna
53%
Afryka 53 Mali
51%
Europa 84 Luksemburg
47%
Azja 76 Oman
42%
Afryka 92 Zambia
42%
Afryka 77 Gwinea
40%
Azja 61 Uzbekistan
40%
Azja 93 Syria
38%
Afryka 95 Uganda
36%
Afryka 67 Burkina Faso
35%
Afryka 91 Benin
32%
Azja 68 Jordania
32%
Afryka 88 Gwinea Równikowa
29%
Azja 80 Bahrajn
25%
Afryka 65 Republika Zielonego Przylądka
25%
Ameryka Północna 86 Curacao
11%
Nie znaleziono quizów pasujących do podanych kryteriów
Rozkład punktacji
Procent ludzi z każdym wynikiem
Percentyl według liczby udzielonych odpowiedzi
Twoja historia wyników
Nie rozwiązałeś tego quizu od ostatniego zresetowania